000
00370nam a2200145Ia 4500
008
231129s1984||||xx |||||||||||||| ||spa||
020
_a
84-8280-719-6
040
_b
spa
082
_a
F843 V531hi
100
_a
Verne Julio
245
0
_a
Los hijos del capitan Grant
260
_c
1984
264
_a
Oveja Negra
942
_2
ddc
_c
BKS
999
_c
19731
_d
19731